God's Message: Proclamation of God'S Words (Record no. 16790)

000 -LEADER
fixed length control field 00293nam a22001097a 4500
003 - CONTROL NUMBER IDENTIFIER
control field OSt
005 - DATE AND TIME OF LATEST TRANSACTION
control field 20200219102559.0
008 - FIXED-LENGTH DATA ELEMENTS--GENERAL INFORMATION
fixed length control field 200219b xxu||||| |||| 00| 0 eng d
040 ## - CATALOGING SOURCE
Transcribing agency Cagayan Statew Unievrsity- Carig Campus
245 ## - TITLE STATEMENT
Title God's Message: Proclamation of God'S Words
942 ## - ADDED ENTRY ELEMENTS (KOHA)
Source of classification or shelving scheme
Koha item type Serials
Holdings
Price effective from Permanent Location Date last seen Not for loan Date acquired Source of classification or shelving scheme Koha item type Lost status Withdrawn status Source of acquisition Date checked out Total Checkouts Collection code Damaged status Barcode Shelving location Current Location Public note Full call number
2020-02-19Cagayan State University - Carig Library2025-08-20 2020-02-19 Serials  School2025-08-201Serials GM0000022015C1SerialsCagayan State University - Carig LibraryFor room use onlyGM 000002 2015 c.1

Cagayan State University University Library, Carig Campus
Tuguegarao City, Cagayan 3500 | www.csucarig.edu.ph

Powered by Koha